书目信息 |
| 题名: |
现代工程制图
|
|
| 作者: | 王颖 编著 | |
| 分册: | ||
| 出版信息: | 北京 北京航空学院出版社 2000.09 |
|
| 页数: | 296页 | |
| 开本: | 26cm | |
| 丛书名: | ||
| 单 册: | ||
| 中图分类: | TB23 | |
| 科图分类: | ||
| 主题词: | 工程制图 | |
| 电子资源: | ||
| ISBN: | 7-81012-978-3 | |
| 000 | 00540nam0 2200193 45 | |
| 001 | 0461467130 | |
| 005 | 2004052517042646 | |
| 010 | @a7-81012-978-3@dCNY 27.00 | |
| 100 | @a20040525d2000 km y0chiy0120 ea | |
| 101 | 0 | @achi |
| 102 | @aCN@b110000 | |
| 200 | 1 | @a现代工程制图@AXian Dai Gong Cheng Zhi Tu@f王颖等编著@Fwang ying deng bian zhu |
| 210 | @a北京@c北京航空学院出版社@d2000.09 | |
| 215 | @a296页@d26cm | |
| 606 | 0 | @a工程制图 |
| 690 | 1 | @aTB23@v4 |
| 701 | 0 | @a王颖@Awang ying@4编著 |
| 801 | 0 | @aCN@bPFT@c20040525 |
| 905 | @dTB23@eW4321 | |
| 现代工程制图/王颖等编著.-北京:北京航空学院出版社,2000.09 |
| 296页;26cm |
| ISBN 7-81012-978-3:CNY 27.00 |
| ● |
| 相关链接 |
|
|
|
正题名:现代工程制图
索取号:TB23/W4321
 
预约/预借
| 序号 | 登录号 | 条形码 | 馆藏地/架位号 | 状态 | 备注 |
| 1 | 383256 | 203832567 | 自科库501/501自科库 6排2列5层/ [索取号:TB23/W4321] | 在馆 | |
| 2 | 383257 | 203832576 | 自科二线400A/201建筑库 5排2列1层/ [索取号:TB23/W4321] | 在馆 | |
| 3 | 383258 | 203832585 | 自科库501/501自科库 6排2列5层/ [索取号:TB23/W4321] | 在馆 |